| 000 | 01444nam a22002775a 4500 | ||
|---|---|---|---|
| 999 |
_c26792 _d26764 |
||
| 003 | OSt | ||
| 005 | 20190620113206.0 | ||
| 008 | 180620s2017 ua grb 100 0 ara d | ||
| 017 | _a2015 / 25636 | ||
| 040 |
_aEG-ScBUE _bara _cEG-ScBUE |
||
| 082 | 0 | 4 |
_a297.27 _bت ص ح _222 |
| 245 | 0 | 0 |
_aتصحيح المفاهيم : _bمن أعمال مؤتمر الأزهر العالمي لمواجهة التطرف والإرهاب (القاهرة : 11 - 12 صفر 1436 هـ / 3 - 4 ديسمبر 2014 م) / _cباعتناء وتصدير أحمد الطيب ؛ إشراف محيي الدين عفيفي أحمد. |
| 260 |
_aالقاهرة : _bالأزهر الشريف، مجمع البحوث الإسلامية، _c2017. |
||
| 300 |
_aمج. 1 (166 ص.) ؛ _c20 سم. |
||
| 490 | 0 |
_aسلسلة مجمع البحوث الإسلامية ؛ _v48 |
|
| 504 | _aيشتمل على إرجاعات ببليوجرافية. | ||
| 541 |
_aد. نهى جمال ؛ _cإهداء ؛ |
||
| 610 | 2 | 7 |
_aالأزهر الشريف. _bالمؤتمر العالمي لمواجهة التطرف والإرهاب _d(القاهرة : _c2014) _2BUEsh |
| 650 | 7 |
_aالإسلام _xدفع مطاعن _vمؤتمرات. _2BUEsh |
|
| 650 | 7 |
_aالإسلام والإرهاب _vمؤتمرات. _2BUEsh |
|
| 651 | _2BUEsh | ||
| 653 |
_bGGEN _cJune2018 |
||
| 700 | 1 |
_aطيب، أحمد، _eمقدم. |
|
| 700 | 1 |
_aأحمد، محيي الدين عفيفي، _eمشرف. |
|
| 942 | _2ddc | ||